| 000 | 00409cam a2200181 4500 | ||
|---|---|---|---|
| 001 | D12095 | ||
| 008 | 090401t1940 xxu||||| |||| 00| 0 eng d | ||
| 035 | _a(Sirsi) u1179 | ||
| 041 | _aeng | ||
| 100 | _aBaumann, Gustav | ||
| 245 | 4 | _aThe lost republic | |
| 260 |
_aLondon _bFaber & Faber _c1940 |
||
| 350 | _a0 | ||
| 520 | _aShelf 176 | ||
| 700 | _aBright, Elfrieda | ||
| 942 | _n0 | ||
| 948 | _c04/03/1997 | ||
| 999 |
_c85638 _d85638 |
||